000 00773nam a2200193 i 4500
001 151761
003 ES-MaACL
005 20230909063122.0
008 990318s1881 sp |||| | spa d
040 _aCCPB | B
_bspa
_cCCPB | B
100 1 _aBecerro de Bengoa, Ricardo,
_d1845-1902
_926893
245 1 4 _aUna escuela práctica de minería
_b: Barruelo de Santullán /
_cpor Ricardo Becerro de Bengoa.
260 _aMadrid :
_b[s.n.],
_c1881 (
_fImprenta de Manuel G. Hernández)
300 _a72 p. ;
_c23 cm.
650 4 _aMinería.
_915054
852 _aES-MaACL
_jT-677-F-7
_z-- Enc. hol. conservando la cub. original
_z-- Dedic. ms. del autor a Manuel Saenz Diez
_z-- Enc. en un vol. facticio
852 _aES-MaACL
_jT-905-F-1
999 _c151761
_d151761